Stuck in the Middle with 'P' Quiz Stats

 Plays Quiz Updated Jun 30, 2017

Support Sporcle.
Go Orange.
Score 0/25 Timer 07:00
1 Play Today
% Correct
par
83.3%
past
83.3%
pat
83.2%
pa
82.3%
pin
82.2%
poo
82.1%
part
81.5%
pea
80.3%
pet
80.3%
pal
79.6%
pen
79.6%
pee
79.2%
pad
78.3%
% Correct
pay
75%
pan
74.3%
prop
74.1%
ping
71.7%
prove
70.2%
pose
70%
place
69%
pie
68.5%
post
66.2%
pew
64.9%
pass
63.7%
pound
48.2%

You're not logged in!

Compare scores with friends on all Sporcle quizzes.
OR
Log In
Forgot?

From the Vault

Which Tennis Player?

by strokes_static

Anyone who knows tennis should have an advantage.
Remove Ads.
Support Sporcle.
Get the best of Sporcle when you Go Orange. This ad-free experience offers more features, more stats, and more fun while also helping to support Sporcle. Thank you for becoming a member.

Show Comments

Extras

Top Quizzes Today


Score Distribution

Your Account Isn't Verified!

In order to create a playlist on Sporcle, you need to verify the email address you used during registration. Go to your Sporcle Settings to finish the process.

Report this User

Report this user for behavior that violates our Community Guidelines.

Details: